| 000 | 01050nam a2200337Ia 4500 | ||
|---|---|---|---|
| 005 | 20251020182451.0 | ||
| 008 | 200515s9999 xx 000 0 und d | ||
| 020 | _a978-84-86108-96-0 | ||
| 082 | _a621.30.02/N28 | ||
| 100 | _aNavarro, José Antonio | ||
| 245 | 0 | _aElectrotecnia | |
| 250 | _a1a ed. | ||
| 260 | _aLima | ||
| 260 | _bCano Pina ; Ceysa | ||
| 260 | _c2007 | ||
| 300 | _a281 p. | ||
| 300 | _bil., tbl., graf. | ||
| 500 | _a1 ejemplar | ||
| 520 | _aExpone el programa del primer año de formación profesional en la especialidad de electrotecnia para obtener unos conocimientos teóricos básicos de la materia y para poder trabajar en la práctica correctamente. | ||
| 650 | _aCIRCUITOS DE CORRIENTE CONTINUA | ||
| 650 | _aCIRCUITOS RLC | ||
| 650 | _aCORRIENTES ALTERNAS | ||
| 650 | _aELECTROTECNIA | ||
| 650 | _aELEMENTOS LINEALES | ||
| 650 | _aFENOMENOS ELECTRICOS | ||
| 650 | _aFENOMENOS ELECTROMAGNETICOS | ||
| 650 | _aONDAS SENOIDALES | ||
| 650 | _aSISTEMAS TRIFASICOS | ||
| 942 | _cLIB | ||
| 999 |
_c873 _d873 |
||